Govt. of
Madhya Pradesh

पुष्टिमार्गीय वचनामृत साहित्‍य (Record no. 53401)

MARC details
000 -LEADER
fixed length control field 00640nam a22001697a 4500
003 - CONTROL NUMBER IDENTIFIER
control field MACL
005 - DATE AND TIME OF LATEST TRANSACTION
control field 20160226175158.0
008 - FIXED-LENGTH DATA ELEMENTS--GENERAL INFORMATION
fixed length control field 160226b xxu||||| |||| 00| 0 eng d
040 ## - CATALOGING SOURCE
Transcribing agency MACL
041 ## - LANGUAGE CODE
Language code of text/sound track or separate title Hindi
082 ## - DEWEY DECIMAL CLASSIFICATION NUMBER
Classification number 800
100 ## - MAIN ENTRY--PERSONAL NAME
Personal name डॉ शकुन्‍तला शर्मा
9 (RLIN) 40731
245 ## - TITLE STATEMENT
Title पुष्टिमार्गीय वचनामृत साहित्‍य
Remainder of title तात्विक विवेचन एवं अनुसाधन
260 ## - PUBLICATION, DISTRIBUTION, ETC. (IMPRINT)
Place of publication, distribution, etc. नई दिल्‍ली
Name of publisher, distributor, etc. ऋषभचरण जैन एवं सन्‍तति
650 ## - SUBJECT ADDED ENTRY--TOPICAL TERM
Topical term or geographic name as entry element Literacture
9 (RLIN) 39932
942 ## - ADDED ENTRY ELEMENTS (KOHA)
Source of classification or shelving scheme
Koha item type Hindi Books

No items available.